The Aztecs Then and Now /
Gorde:
| Egile nagusia: | |
|---|---|
| Beste egile batzuk: | |
| Formatua: | Liburua |
| Hizkuntza: | ingelesa |
| Argitaratua: |
México :
Minutiae Mexicana,
1992, c1979
|
| Saila: | (Minutiae Mexicana)
|
| Gaiak: | |
| Etiketak: |
Etiketarik gabe, Izan zaitez lehena erregistro honi etiketa jartzen!
|
MARC
| LEADER | 00000nam^a2200000^a^4500 | ||
|---|---|---|---|
| 001 | 000309445 | ||
| 005 | 20250521000000.0 | ||
| 009 | 20260310112947.674 | ||
| 020 | |a 968-7074-02-7 | ||
| 037 | |a Acervo ITESO - Biblioteca | ||
| 041 | |a ING | ||
| 082 | |a 306. 08997452 |b HOR | ||
| 100 | |a Horcasitas, Fernando |e (autor) | ||
| 245 | 1 | 4 | |a The Aztecs Then and Now / |c F. Horcasitas ; il. de A. Beltrán. |
| 264 | 4 | |a México : |b Minutiae Mexicana, |c 1992, c1979 | |
| 300 | |a 167 p. | ||
| 336 | |a texto |b txt |2 rdacontenido | ||
| 337 | |a sin mediación |b n |2 rdamedio | ||
| 338 | |a volumen |b nc |2 rdasoporte | ||
| 440 | 1 | |a (Minutiae Mexicana) | |
| 649 | |a XX | ||
| 650 | |a Aztecas - |x Historia - |x Tema Principal | ||
| 650 | |a Nahuas - |x Historia - |x Tema Principal | ||
| 650 | |a Indígenas de México - |x Historia | ||
| 650 | |a Identidad Cultural | ||
| 650 | |a Nahua | ||
| 650 | |a Trajes Típicos - |z México | ||
| 650 | |a Fiestas Religiosas - |z México | ||
| 650 | |a Prácticas Culturales - |z México | ||
| 650 | |a Arquitectura Azteca - |x Historia y Crítica | ||
| 650 | |a Arquitectura Nahua - |x Historia y Crítica | ||
| 650 | |a Arte Popular - |z México - |x Historia y Crítica | ||
| 650 | |a Arte Azteca - |x Historia y Crítica | ||
| 650 | |a Arte Nahua - |x Historia y Crítica | ||
| 650 | |a Arte Mexicano - |x Historia y Crítica | ||
| 650 | |a Arqueología - |z México | ||
| 650 | |a Antropología Cultural - |z México | ||
| 700 | |a Beltrán, Alberto |e (ilustración) | ||
| 910 | |a Fondo General | ||
| 920 | |a Impresos - Libros | ||
| 930 | |a Colección General | ||
| 905 | |a 101 | ||
| 901 | |a 0500195688 |b IT1 |c ACC |i D52976 |u 20250521 | ||
| 902 | |a https://opac.biblio.iteso.mx/vufind/Record/000309445 | ||